Animal Farm by George Orwell- Basics - Statistics

General Stats
  • This quiz has been taken 936 times
    492 since last reset
  • The average score is 11 of 20
Answer Stats
Hint Answer % Correct
Four legs _______, two legs bad. good
91%
Author of Animal Farm George Orwell
85%
Russia's name, after becoming communist USSR
79%
Napoleon the pig symbolizes who? Stalin
78%
The number of commandments painted on the barn wall 7
72%
Author of Communist Manifesto Karl Marx
70%
Animalism represents ________. communism
69%
First leader of communist Russia/Soviets- replaced by Stalin. His tomb is famous. Lenin
69%
The pig who starts Animal education and committees Snowball
69%
The fierce, quiet, forceful pig Napoleon
67%
He was the authoritarian ruler of Communist Russia (USSR aka Soviet Union) for decades Stalin
67%
This type of animal doesn't understand much- just follows the crowd sheep
66%
The Revolution symbolized in the novel Russian
65%
Author's Nationality British
62%
The name of the male horse who is good and works hard Boxer
61%
The year of the Russian Revolution 1917
58%
The pig who spreads propaganda Squealer
53%
A widespread food shortage and starvation Famine
50%
The grumpy old Donkey Benjamin
49%
The last Monarch of Russia Czar Nicholas II
46%
The Russian word for King Czar
45%
The TYPE of animals that represent the working class Horses
42%
The name of the female horse (a mother-type) Clover
39%
This horse represents the Bourgeoisie (upper class, but not royal) Mollie
36%
The group of communist revolutionaries who led the rebellion Bolsheviks
34%
A story based on symbolism allegory
32%
The Raven (represents religion) Moses
29%
Mr. Frederick of Pinchfield represents who? Hitler
27%
This animal mostly cares about their own comfort Cat
26%
When the men return to take back the farm- represents this real-life attempt to remove the new communist government Russian Civil War
14%
No matching quizzes found
Score Distribution
Percent of People with Each Score
Percentile by Number Answered
Your Score History
You have not taken this quiz since the last reset